History Quiz

Random History or Politics Quiz
Score 0/22 Timer 05:00
0 Plays Today
% Correct
Kamala Harris
89.4%
Nancy Pelosi
87.6%
Madeleine Albright
79.9%
Sandra Day O'Connor
75.5%
Janet Reno
73.5%
Antonia Novello
45.7%
Gina Haspel
42.9%
Elizabeth Dole
42.5%
Anna Mae Hays
41%
Janet Napolitano
35.4%
Jeannette Rankin
27.2%
% Correct
Frances Perkins
25%
Rebecca Latimer Felton
22.2%
Hazel R. O'Leary
17.8%
Helen Eugenie Anderson
17.4%
Ann Veneman
14%
Gale Norton
13.5%
Anne Gorsuch Burford
12.1%
Oveta Culp Hobby
11.9%
Carla Anderson Hills
11.8%
Patricia Roberts Harris
10.5%
Juanita M. Kreps
9.4%
Remove Ads.
Support Sporcle.
Get the best of Sporcle when you Go Orange. This ad-free experience offers more features, more stats, and more fun while also helping to support Sporcle. Thank you for becoming a member.

You're not logged in!

Compare scores with friends on all Sporcle quizzes.
OR
Log In

Show Comments

Extras

Top Quizzes Today


Score Distribution

Your Account Isn't Verified!

In order to create a playlist on Sporcle, you need to verify the email address you used during registration. Go to your Sporcle Settings to finish the process.

Report this User

Report this user for behavior that violates our Community Guidelines.

Details: